Contos de Perrault (Registo nº 3782)
[ vista simples ]
| 000 -Etiqueta do registo | |
|---|---|
| Cabeçalho | 00888nam a2200301 4500 |
| 005 - Identificador da versão | |
| Campo de controlo | 20240813122043.0 |
| 010 ## - Número internacional normalizado dos livros (ISBN) | |
| Número (ISBN) | 972412567X |
| 021 ## - Número do Depósito Legal | |
| Código do país | PT |
| Número | 183273/02 |
| 100 ## - Dados gerais de processamento | |
| Dados gerais de processamento | 20170525d2002 d y0pory5003 ba |
| 102 ## - Pais de publicação ou produção | |
| País de publicação | Portugal |
| 101 1# - Língua de publicação | |
| Língua do texto, banda sonora, etc. | Português |
| Língua do documento no original | Francês |
| 215 ## - Descrição física | |
| Indicação específica da natureza do documento e extensão da espécie | 75, [2] p. |
| Outras indicações físicas | il. color |
| 200 1# - Titulo e menção de responsabilidade | |
| Título próprio | Contos de Perrault |
| Primeira menção de responsabilidade | trad. Maria Alberta Menéres |
| Outras menções de responsabilidade | il. Rui Truta |
| 225 1# - Colecção | |
| Título próprio da colecção | Biblioteca Maria Alberta Menéres |
| 205 ## - Menção da edição | |
| Menção da edição | 2ª ed |
| 210 ## - Publicação, Distribuição, etc. | |
| Lugar da edição, distribuição, etc. | Porto |
| Nome do editor, distribuidor, etc. | Asa |
| Data da publicação, distribuição, etc. | 2002 |
| 300 ## - Notas gerais | |
| Texto da nota | Metas Curriculares |
| Texto da nota | PNL |
| 606 ## - Nome comum usado como assunto | |
| Número de registo de entrada de autoridade | 0001419 |
| Palavra de ordem | Literatura francesa |
| Subdivisão de assunto | Conto |
| Código do sistema | CA |
| 675 ## - Classificação Decimal Universal (CDU) | |
| Notação | 821.133.1-34 |
| Edição | 3ª ed. |
| Língua da edição | por |
| 702 #1 - Nome de autor-pessoa física (responsabilidade secundária) | |
| Número de registo de entrada de autoridade | 0000051 |
| Palavra de ordem | Menéres |
| Outra parte do nome não tomada para palavra de ordem | Maria Alberta |
| Datas | 1930- |
| Código de função | Tradutor |
| Número de registo de entrada de autoridade | 0000052 |
| Palavra de ordem | Truta |
| Outra parte do nome não tomada para palavra de ordem | Rui |
| Datas | 1961- |
| Código de função | Ilustrador / Técnico de desenho computorizado |
| 700 #1 - Nome de autor-pessoa física (responsabilidade principal) | |
| Número de registo de entrada de autoridade | 0001420 |
| Palavra de ordem | Perrault |
| Outra parte do nome não tomada para palavra de ordem | Charles |
| Datas | 1628-1703 |
| 966 ## - Identificação da Biblioteca | |
| Sigla | EBVEN |
| 942 ## - Elementos de entrada adicionados (Koha) | |
| Tipo de item no Koha | Livro |
| Situação do levantamento | Origin of item (home branch) (coded) | Biblioteca de empréstimo | Código de barras | Cota | Circulation type (not for loan) | Tipo de documento | Nota do exemplar | Damaged status |
|---|---|---|---|---|---|---|---|---|
| Biblioteca Escolar das Vendas | Biblioteca Escolar das Vendas | BEV1529 | 8EST PER MET PNL | Livro | Sem mensagem |
